000 00465nam a2200157Ia 4500
008 160114s9999 xx 000 0 und d
020 _a9780545244688
050 _a793.73
050 _b.W636c 2013
100 _aWick, Walter.
245 _aCan You See What I See? Out of This World /
_cWalter Wick.
260 _aSingapore
_bScholastic Inc.
_c2013
300 _a35 pages;
_bcol. ill. ;
_c28 cm.
650 _aPicture puzzles --
650 _xJuvenile literature.
999 _c290305
_d290305